[Event "First Saturday FM-B May 2014"]
[Site "Budapest"]
[Date "2014.05.03"]
[Round "1.1"]
[White "Bacsi, Andras"]
[Black "Vasilev, Sergey"]
[Result "1/2-1/2"]
[WhiteElo "1794"]
[BlackElo "1546"]
[PlyCount "49"]
[EventDate "2014.05.03"]

1. d4 Nc6 2. Nf3 e6 3. e4 g6 4. Be2 Bg7 5. O-O h6 6. c4 Nf6 7. Nc3 d5 8. cxd5
exd5 9. e5 Ne4 10. Be3 Nxc3 11. bxc3 Ne7 12. h3 Nf5 13. Bf4 O-O 14. Qd2 Kh7 15.
Bd3 Nh4 16. Nxh4 Qxh4 17. Bg3 Qe7 18. f4 Kg8 19. f5 Qg5 20. Bf4 Qh4 21. f6 Bh8
22. Bxh6 Re8 23. Bxg6 Bxh3 24. gxh3 Qg3+ 25. Qg2 1/2-1/2

[Event "First Saturday FM-B May 2014"]
[Site "Budapest"]
[Date "2014.05.03"]
[Round "1.2"]
[White "Koltai, Daniel"]
[Black "Szlenka, Attila"]
[Result "1/2-1/2"]
[WhiteElo "1626"]
[BlackElo "1799"]
[PlyCount "66"]
[EventDate "2014.05.03"]

1. e4 Nf6 2. e5 Nd5 3. c4 Nb6 4. d4 d6 5. exd6 cxd6 6. Nc3 Nc6 7. Be3 Bf5 8. b3
e6 9. Nf3 Be7 10. Be2 O-O 11. O-O Bf6 12. Rc1 Rc8 13. d5 Bxc3 14. Rxc3 Ne7 15.
dxe6 fxe6 16. Bd3 Nbd5 17. Bxf5 Nxf5 18. Rd3 Ndxe3 19. fxe3 Qb6 20. Qd2 Rf6 21.
Nd4 Nxd4 22. exd4 Rcf8 23. Rff3 e5 24. Qe3 Rxf3 25. gxf3 exd4 26. Qxd4 Qxd4+
27. Rxd4 Rf6 28. b4 Kf7 29. Kf2 Re6 30. f4 Ke7 31. Kf3 Rh6 32. Re4+ Kd7 33. Kg3
Rg6+ 1/2-1/2

[Event "First Saturday FM-B May 2014"]
[Site "Budapest"]
[Date "2014.05.03"]
[Round "1.3"]
[White "Brassoi-Tarnovszki, Aurel"]
[Black "Martynov, Petr"]
[Result "1-0"]
[WhiteElo "1644"]
[BlackElo "1697"]
[PlyCount "61"]
[EventDate "2014.05.03"]

1. e4 e6 2. d4 d5 3. e5 c5 4. c3 Qb6 5. Nf3 Nc6 6. Be2 cxd4 7. cxd4 Nh6 8. Nc3
Nf5 9. Bb5 Bd7 10. Bxc6 bxc6 11. O-O Be7 12. a3 O-O 13. b4 a5 14. Na4 Qa7 15.
Nc5 axb4 16. Nxd7 Qxd7 17. g4 Nh4 18. Nxh4 Bxh4 19. g5 Rfb8 20. Qg4 b3 21. Rb1
Bxg5 22. Bxg5 Kf8 23. Bf6 g6 24. Qg5 Qa7 25. Qh6+ Ke8 26. Qxh7 Qxa3 27. Qg8+
Qf8 28. Qxf8+ Kxf8 29. Rfc1 Ra4 30. Rc3 b2 31. Rh3 1-0

[Event "First Saturday FM-B May 2014"]
[Site "Budapest"]
[Date "2014.05.04"]
[Round "2.1"]
[White "Vasilev, Sergey"]
[Black "Martynov, Petr"]
[Result "0-1"]
[WhiteElo "1546"]
[BlackElo "1697"]
[PlyCount "86"]
[EventDate "2014.05.03"]

1. b3 Nf6 2. Bb2 b6 3. e3 Bb7 4. c4 e6 5. Nf3 d5 6. Nc3 Be7 7. cxd5 exd5 8.
Bb5+ c6 9. Be2 O-O 10. O-O Nbd7 11. Qc2 c5 12. d4 Rc8 13. Rac1 Ne4 14. Qd1 Ndf6
15. Ne5 Bd6 16. Ng4 Nxg4 17. Bxg4 f5 18. Nxe4 dxe4 19. dxc5 Bxc5 20. Be2 Qe7
21. Bc4+ Kh8 22. Qe2 Ba3 23. Rfd1 Bxb2 24. Qxb2 Rfd8 25. Rd4 Rxd4 26. exd4 e3
27. Re1 f4 28. fxe3 fxe3 29. Qe2 Qg5 30. Rf1 h6 31. a4 a6 32. Rf7 Bd5 33. Rf1
Bxc4 34. bxc4 Re8 35. d5 Qe5 36. g3 Qc3 37. d6 Qd2 38. Qxd2 exd2 39. d7 Rd8 40.
Rd1 Rxd7 41. Kf2 Rd4 42. Ke2 Rxc4 43. Rxd2 Rxa4 0-1

[Event "First Saturday FM-B May 2014"]
[Site "Budapest"]
[Date "2014.05.04"]
[Round "2.2"]
[White "Szlenka, Attila"]
[Black "Brassoi-Tarnovszki, Aurel"]
[Result "1-0"]
[WhiteElo "1799"]
[BlackElo "1644"]
[PlyCount "111"]
[EventDate "2014.05.03"]

1. c4 Nf6 2. Nc3 g6 3. g3 Bg7 4. Bg2 O-O 5. d4 d6 6. Nf3 c5 7. d5 e5 8. O-O Ne8
9. e4 f5 10. Bg5 Nf6 11. Nh4 h6 12. Bd2 Kh7 13. Qe1 f4 14. gxf4 exf4 15. Nf3
Ng4 16. Qc1 g5 17. Re1 Ne5 18. Nxe5 Bxe5 19. f3 g4 20. Ne2 gxf3 21. Bxf3 Qh4
22. Kh1 Bg4 23. Ng1 Nd7 24. Rf1 Rf7 25. Qd1 Rg8 26. Qe2 h5 27. Be1 Qf6 28. Rb1
Rfg7 29. h3 Bxf3+ 30. Qxf3 Qg6 31. Bh4 Nf6 32. Bxf6 Bxf6 33. Ne2 Be5 34. Rg1
Qh6 35. b3 Rxg1+ 36. Rxg1 Rxg1+ 37. Nxg1 Qg5 38. Qg2 Qg3 39. Nf3 Qxg2+ 40. Kxg2
Bf6 41. Ne1 Kg6 42. Kf3 Kg5 43. Ng2 h4 44. Nxf4 Be5 45. Ne6+ Kf6 46. Nd8 b6 47.
Nc6 a5 48. a4 Bg3 49. Kg4 Be1 50. Kf4 Bg3+ 51. Kf3 Bh2 52. Na7 Ke5 53. Nc6+ Kf6
54. Nd8 Ke5 55. Nf7+ Kf6 56. Nh6 1-0

[Event "First Saturday FM-B May 2014"]
[Site "Budapest"]
[Date "2014.05.04"]
[Round "2.3"]
[White "Bacsi, Andras"]
[Black "Koltai, Daniel"]
[Result "1/2-1/2"]
[WhiteElo "1794"]
[BlackElo "1626"]
[PlyCount "120"]
[EventDate "2014.05.03"]

1. Nf3 Nf6 2. c4 g6 3. Nc3 Bg7 4. d4 O-O 5. g3 d6 6. Bg2 Nbd7 7. O-O e5 8. e4
Rb8 9. h3 b6 10. Be3 Bb7 11. d5 a5 12. a3 Nc5 13. Ne1 Qe7 14. b4 Ncd7 15. Rb1
axb4 16. axb4 Ne8 17. Nd3 f5 18. Qd2 Nef6 19. Bh6 Bxh6 20. Qxh6 fxe4 21. Nxe4
Nxe4 22. Bxe4 Nf6 23. Bg2 Ba6 24. b5 Bc8 25. Rbe1 Qg7 26. Qxg7+ Kxg7 27. f4
exf4 28. Nxf4 Rf7 29. Ne6+ Bxe6 30. dxe6 Re7 31. Bd5 Rf8 32. Kg2 Nxd5 33. cxd5
Rxf1 34. Rxf1 h6 35. g4 g5 36. Kg3 Kg6 37. h4 Kg7 38. hxg5 hxg5 39. Rf5 Kg6 40.
Kf3 Rh7 41. Rf8 Rh3+ 42. Ke4 Rh1 43. Rf3 Rh7 44. Rf7 Rh4 45. Rxc7 Rxg4+ 46. Kf3
Rd4 47. Rc6 Rxd5 48. Rxb6 Kf6 49. Rb8 Kxe6 50. b6 Kd7 51. Ke4 Rb5 52. Kd4 Kc6
53. Kc4 Rf5 54. b7 d5+ 55. Kd4 Rf4+ 56. Ke5 Re4+ 57. Kf5 Rb4 58. Kxg5 Rxb7 59.
Rxb7 Kxb7 60. Kf4 Kc6 1/2-1/2

[Event "First Saturday FM-B May 2014"]
[Site "Budapest"]
[Date "2014.05.05"]
[Round "3.1"]
[White "Koltai, Daniel"]
[Black "Vasilev, Sergey"]
[Result "1-0"]
[WhiteElo "1626"]
[BlackElo "1546"]
[PlyCount "31"]
[EventDate "2014.05.03"]

1. e4 e5 2. Nf3 Nc6 3. Bb5 d6 4. O-O f5 5. exf5 Bxf5 6. d4 a6 7. Bxc6+ bxc6 8.
dxe5 dxe5 9. Nxe5 Qxd1 10. Rxd1 Bxc2 11. Re1 Bb4 12. Nc3 Bxc3 13. bxc3 Nf6 14.
Ng6+ Kf7 15. Nxh8+ Rxh8 16. Ba3 1-0

[Event "First Saturday FM-B May 2014"]
[Site "Budapest"]
[Date "2014.05.05"]
[Round "3.2"]
[White "Brassoi-Tarnovszki, Aurel"]
[Black "Bacsi, Andras"]
[Result "0-1"]
[WhiteElo "1644"]
[BlackElo "1794"]
[PlyCount "74"]
[EventDate "2014.05.03"]

1. e4 c5 2. Nf3 e6 3. d4 cxd4 4. Nxd4 a6 5. c4 Qc7 6. Bd3 Nf6 7. Nc3 d6 8. O-O
Nbd7 9. b3 Be7 10. Bb2 O-O 11. Rc1 b6 12. Bb1 Bb7 13. f3 Rac8 14. Nce2 Qb8 15.
g4 d5 16. cxd5 exd5 17. Nf5 Bc5+ 18. Bd4 dxe4 19. Bxc5 Rxc5 20. Rxc5 Nxc5 21.
fxe4 Nxg4 22. Neg3 h5 23. Qe2 g6 24. Ne7+ Kh7 25. Nd5 Qe5 26. Qf3 Bxd5 27. exd5
Qe3+ 28. Qxe3 Nxe3 29. Rf3 Nxd5 30. Nxh5 f5 31. Ng3 Kg7 32. Kg2 Re8 33. Rf2 Nc3
34. Bc2 Nxa2 35. Bxf5 Nb4 36. Bg4 Re3 37. Rb2 Rxb3 0-1

[Event "First Saturday FM-B May 2014"]
[Site "Budapest"]
[Date "2014.05.05"]
[Round "3.3"]
[White "Martynov, Petr"]
[Black "Szlenka, Attila"]
[Result "1/2-1/2"]
[WhiteElo "1697"]
[BlackElo "1799"]
[PlyCount "48"]
[EventDate "2014.05.03"]

1. e4 d6 2. d4 g6 3. f4 Bg7 4. Nf3 c5 5. Nc3 cxd4 6. Nxd4 Nf6 7. Be2 O-O 8. Be3
Nc6 9. h3 Nxd4 10. Bxd4 Qa5 11. O-O Bd7 12. e5 Ne8 13. exd6 Nxd6 14. Bxg7 Kxg7
15. Qd4+ f6 16. Ne4 Nxe4 17. Qxd7 Qc5+ 18. Kh2 f5 19. Bd3 Rfd8 20. Qe6 Qd6 21.
Qxd6 exd6 22. Bxe4 fxe4 23. Rfe1 Re8 24. Rad1 Re6 1/2-1/2

[Event "First Saturday FM-B May 2014"]
[Site "Budapest"]
[Date "2014.05.06"]
[Round "4.1"]
[White "Vasilev, Sergey"]
[Black "Szlenka, Attila"]
[Result "0-1"]
[WhiteElo "1546"]
[BlackElo "1799"]
[PlyCount "84"]
[EventDate "2014.05.03"]

1. b3 c5 2. Bb2 Nc6 3. e3 d5 4. f4 Nf6 5. Nf3 Bf5 6. Bb5 a6 7. Bd3 Bxd3 8. cxd3
e6 9. Nc3 b5 10. Ne2 Be7 11. a3 O-O 12. g4 Nxg4 13. h4 Bf6 14. Qc2 Bxb2 15.
Qxb2 Qf6 16. Qxf6 Nxf6 17. Rc1 Na5 18. Rxc5 Nxb3 19. Rc3 Na5 20. O-O Rfc8 21.
Rfc1 Rxc3 22. Rxc3 Ne8 23. Ned4 g6 24. Ne5 Nb7 25. Kf2 Nbd6 26. Rc6 Nf5 27.
Nxf5 gxf5 28. Nd7 Kg7 29. Nc5 a5 30. Rb6 b4 31. a4 Ra7 32. d4 Kg6 33. d3 Kh5
34. e4 fxe4 35. dxe4 dxe4 36. f5 Ng7 37. fxe6 Nxe6 38. Ke3 Nxc5 39. dxc5 f5 40.
c6 Rc7 41. Kf4 h6 42. Kxf5 e3 0-1

[Event "First Saturday FM-B May 2014"]
[Site "Budapest"]
[Date "2014.05.06"]
[Round "4.2"]
[White "Bacsi, Andras"]
[Black "Martynov, Petr"]
[Result "0-1"]
[WhiteElo "1794"]
[BlackElo "1697"]
[PlyCount "110"]
[EventDate "2014.05.03"]

1. e4 e6 2. d4 d5 3. Nd2 Nc6 4. Ngf3 Nf6 5. e5 Nd7 6. Bd3 Nb4 7. Be2 c5 8. c3
Nc6 9. O-O f6 10. exf6 Qxf6 11. dxc5 Bxc5 12. Nb3 Bd6 13. Bg5 Qf7 14. Bd3 e5
15. Re1 O-O 16. Bh4 e4 17. Ng5 Qf4 18. Bg3 Qxg5 19. Bxd6 Rf6 20. Bxe4 Rxd6 21.
c4 Nf6 22. cxd5 Nxe4 23. Rxe4 Qxd5 24. Re8+ Kf7 25. Qxd5+ Rxd5 26. Rh8 h6 27.
Rc1 b6 28. f3 Bb7 29. Rxa8 Bxa8 30. Kf2 a5 31. Ke3 a4 32. Nd2 Rc5 33. Rxc5 bxc5
34. Ne4 Nb4 35. Nxc5 Nxa2 36. Nxa4 Nb4 37. Nc3 Nd5+ 38. Nxd5 Bxd5 39. h4 Kf6
40. Kf4 Bb3 41. g4 Kg6 42. Ke5 Kf7 43. f4 Bd1 44. g5 hxg5 45. hxg5 Kg6 46. b4
Be2 47. Ke6 Bc4+ 48. Ke7 Kf5 49. Kf8 g6 50. Kg7 Bd3 51. Kf7 Be4 52. b5 Kxf4 53.
Kf6 Kg4 54. b6 Kh5 55. Ke5 Bb7 0-1

[Event "First Saturday FM-B May 2014"]
[Site "Budapest"]
[Date "2014.05.06"]
[Round "4.3"]
[White "Koltai, Daniel"]
[Black "Brassoi-Tarnovszki, Aurel"]
[Result "1/2-1/2"]
[WhiteElo "1626"]
[BlackElo "1644"]
[PlyCount "113"]
[EventDate "2014.05.03"]

1. e4 e6 2. d4 d5 3. e5 c5 4. c3 Nc6 5. Nf3 cxd4 6. cxd4 Qb6 7. Bd3 Bd7 8. Bc2
Rc8 9. O-O Nge7 10. Nc3 Ng6 11. Na4 Qc7 12. Bxg6 hxg6 13. Bg5 Be7 14. Bxe7 Nxe7
15. Qb3 Qc2 16. Nc5 Qxb3 17. axb3 Bc6 18. Rxa7 Rb8 19. Rfa1 O-O 20. b4 Nc8 21.
R7a3 b6 22. Na6 Rb7 23. Rc1 Ne7 24. Rac3 Ra8 25. Nc7 Rxc7 26. b5 Rac8 27. bxc6
Rxc6 28. Kf1 Rxc3 29. bxc3 f6 30. Ke2 Kf7 31. Kd3 Ra8 32. Rb1 Nc8 33. Nd2 Ra2
34. exf6 gxf6 35. f4 Ke7 36. Rc1 b5 37. Rc2 Rxc2 38. Kxc2 Nd6 39. Nf3 Ne4 40.
Nh4 g5 41. fxg5 fxg5 42. Nf3 g4 43. Ne5 g3 44. hxg3 Nxg3 45. Nc6+ Kf6 46. Na7
Kf5 47. Nxb5 e5 48. dxe5 Kxe5 49. Kd3 Ne4 50. Nd4 Nc5+ 51. Ke3 Ne4 52. Ne2 Ng5
53. Nf4 Ne4 54. Nxd5 Kxd5 55. c4+ Ke5 56. Kd3 Nf2+ 57. Kc3 1/2-1/2

[Event "First Saturday FM-B May 2014"]
[Site "Budapest"]
[Date "2014.05.07"]
[Round "5.1"]
[White "Brassoi-Tarnovszki, Aurel"]
[Black "Vasilev, Sergey"]
[Result "0-1"]
[WhiteElo "1644"]
[BlackElo "1546"]
[PlyCount "60"]
[EventDate "2014.05.03"]

1. e4 e5 2. Nf3 Nc6 3. Bb5 f5 4. exf5 d5 5. Nxe5 Qf6 6. Qh5+ g6 7. fxg6 hxg6 8.
Qxg6+ Qxg6 9. Nxg6 Rh6 10. Nxf8 Kxf8 11. O-O Rg6 12. Bxc6 bxc6 13. f3 Bh3 14.
Rf2 Re8 15. Kf1 Rge6 16. gxh3 Re1+ 17. Kg2 Rxc1 18. Rf1 Re2+ 19. Kg1 Rxc2 20.
Rf2 Re6 21. Nc3 Rxb2 22. a4 Rg6+ 23. Kf1 Ke7 24. Rb1 Rxb1+ 25. Nxb1 d4 26. d3
c5 27. Nd2 Ra6 28. Ne4 Rxa4 29. Nxc5 Ra1+ 30. Kg2 a5 0-1

[Event "First Saturday FM-B May 2014"]
[Site "Budapest"]
[Date "2014.05.07"]
[Round "5.2"]
[White "Martynov, Petr"]
[Black "Koltai, Daniel"]
[Result "1-0"]
[WhiteElo "1697"]
[BlackElo "1626"]
[PlyCount "103"]
[EventDate "2014.05.03"]

1. e4 c6 2. d4 d5 3. Nc3 dxe4 4. Nxe4 Nd7 5. Ng5 h6 6. Ne6 Qa5+ 7. c3 Ngf6 8.
Nxf8 Nxf8 9. Nf3 Bg4 10. Be2 Ng6 11. O-O O-O 12. Re1 Rad8 13. Qb3 Qc7 14. Ne5
Be6 15. Bc4 Bxc4 16. Qxc4 Nxe5 17. dxe5 b5 18. Qe2 Nd5 19. Bd2 Qd7 20. Red1 Qe6
21. a4 a6 22. axb5 axb5 23. Ra6 Ra8 24. Rda1 Nc7 25. Rxa8 Rxa8 26. Rxa8+ Nxa8
27. h3 f6 28. Qd3 Qc8 29. exf6 exf6 30. c4 Nc7 31. Ba5 bxc4 32. Qxc4+ Qe6 33.
Qxe6+ Nxe6 34. Kf1 Kf7 35. Ke2 Ke7 36. Ke3 g6 37. Bb4+ c5 38. Bc3 f5 39. g4 Kd6
40. f3 Kd5 41. b3 fxg4 42. hxg4 Nd8 43. f4 Nf7 44. f5 gxf5 45. gxf5 Nd6 46. Kf4
c4 47. b4 Nb5 48. Bg7 Nd6 49. Bxh6 Nxf5 50. Kxf5 c3 51. Bg7 Kc4 52. Bxc3 1-0

[Event "First Saturday FM-B May 2014"]
[Site "Budapest"]
[Date "2014.05.07"]
[Round "5.3"]
[White "Szlenka, Attila"]
[Black "Bacsi, Andras"]
[Result "1/2-1/2"]
[WhiteElo "1799"]
[BlackElo "1794"]
[PlyCount "67"]
[EventDate "2014.05.03"]

1. c4 e5 2. Nc3 Nf6 3. g3 Nc6 4. Bg2 Be7 5. d3 O-O 6. Nf3 d6 7. O-O h6 8. a3 a5
9. Bd2 Bf5 10. e4 Bg4 11. h3 Bxf3 12. Bxf3 Nd4 13. Bg2 c6 14. Be3 Ne8 15. Ne2
Nxe2+ 16. Qxe2 Nc7 17. f4 exf4 18. gxf4 d5 19. cxd5 cxd5 20. Bb6 Qd7 21. Rac1
Rac8 22. f5 Bg5 23. Rc2 dxe4 24. Qxe4 Nb5 25. Rxc8 Rxc8 26. Re1 Nd6 27. Qd5 Bf4
28. Bxa5 Qxf5 29. Qxf5 Nxf5 30. Bc3 b5 31. Bb7 Rd8 32. Be4 Nd4 33. Kf2 g6 34.
Bxd4 1/2-1/2

[Event "First Saturday FM-B May 2014"]
[Site "Budapest"]
[Date "2014.05.09"]
[Round "6.1"]
[White "Vasilev, Sergey"]
[Black "Bacsi, Andras"]
[Result "1/2-1/2"]
[WhiteElo "1546"]
[BlackElo "1794"]
[PlyCount "81"]
[EventDate "2014.05.03"]

1. b3 e5 2. Bb2 Nc6 3. e3 d5 4. Bb5 Bd6 5. f4 Qe7 6. Nf3 Bg4 7. fxe5 Bxe5 8.
Bxe5 Bxf3 9. Qxf3 Qxe5 10. d4 Qe6 11. O-O Nf6 12. Nd2 O-O 13. a3 a6 14. Bd3
Rae8 15. Rae1 Qd6 16. Qh3 g6 17. Qh4 Nh5 18. c4 Qe7 19. Qf2 dxc4 20. Bxc4 Nd8
21. a4 Kg7 22. e4 h6 23. e5 f5 24. exf6+ Qxf6 25. Qxf6+ Nxf6 26. d5 a5 27. Nf3
Rxe1 28. Rxe1 Re8 29. Rd1 Ne4 30. Nd4 Re7 31. Nb5 Nd6 32. Nxd6 cxd6 33. Rf1 Nf7
34. Rf3 Ne5 35. Re3 g5 36. g4 Rc7 37. Re4 Rf7 38. Kg2 Rf4 39. Rxf4 gxf4 40. Be2
Kg6 41. h4 1/2-1/2

[Event "First Saturday FM-B May 2014"]
[Site "Budapest"]
[Date "2014.05.09"]
[Round "6.2"]
[White "Szlenka, Attila"]
[Black "Koltai, Daniel"]
[Result "1/2-1/2"]
[WhiteElo "1799"]
[BlackElo "1626"]
[PlyCount "104"]
[EventDate "2014.05.03"]

1. c4 Nf6 2. Nc3 g6 3. g3 Bg7 4. Bg2 O-O 5. d4 d6 6. e4 e5 7. Nge2 Nc6 8. d5
Ne7 9. O-O Ne8 10. f4 f5 11. fxe5 dxe5 12. Bg5 Bd7 13. Qd2 Nf6 14. Rad1 c6 15.
d6 Nc8 16. c5 Qa5 17. Be3 Ng4 18. Rb1 Nxe3 19. Qxe3 b6 20. b4 Qa6 21. Rfc1 Rb8
22. a4 bxc5 23. bxc5 Rxb1 24. Rxb1 f4 25. gxf4 exf4 26. Nxf4 Bxc3 27. Qxc3 Rxf4
28. Qb3+ Kf8 29. Rf1 Rxf1+ 30. Bxf1 Qa5 31. Qf3+ Ke8 32. Qf2 Qb4 33. e5 Qg4+
34. Kh1 Qe4+ 35. Bg2 Qb1+ 36. Qf1 Qxf1+ 37. Bxf1 Be6 38. Ba6 Kd7 39. Kg2 Nb6
40. cxb6 axb6 41. Be2 Bb3 42. Bg4+ Kd8 43. Kg3 Bxa4 44. Kf4 c5 45. Be6 b5 46.
Ke4 b4 47. Bc4 Kd7 48. Kd3 h6 49. Kd2 g5 50. Bf7 Bb5 51. Kc2 c4 52. Kb2 Ba6
1/2-1/2

[Event "First Saturday FM-B May 2014"]
[Site "Budapest"]
[Date "2014.05.09"]
[Round "6.3"]
[White "Martynov, Petr"]
[Black "Brassoi-Tarnovszki, Aurel"]
[Result "1/2-1/2"]
[WhiteElo "1697"]
[BlackElo "1644"]
[PlyCount "79"]
[EventDate "2014.05.03"]

1. e4 e6 2. d4 d5 3. Nd2 c5 4. Ngf3 Nf6 5. exd5 Nxd5 6. Nb3 cxd4 7. Nbxd4 Be7
8. Bb5+ Bd7 9. Bxd7+ Nxd7 10. O-O O-O 11. Qe2 N7f6 12. Ng5 Qb6 13. Rd1 Bc5 14.
c3 h6 15. Ne4 Nxe4 16. Qxe4 Nf6 17. Qf3 Kh7 18. Rd3 Rad8 19. Bxh6 e5 20. Qf5+
g6 21. Qh3 Rh8 22. Bf8+ Kg8 23. Bxc5 Qxc5 24. Qf3 Qd6 25. Qxb7 exd4 26. g3 Qb6
27. Qxb6 axb6 28. Rxd4 Rxd4 29. cxd4 Kg7 30. Rc1 Rd8 31. Rc4 Nd5 32. a4 Re8 33.
Kf1 Re7 34. b4 Rc7 35. Rxc7 Nxc7 36. a5 b5 37. Ke2 Na6 38. Kd3 Nxb4+ 39. Kc3
Na6 40. d5 1/2-1/2

[Event "First Saturday FM-B May 2014"]
[Site "Budapest"]
[Date "2014.05.10"]
[Round "7.1"]
[White "Martynov, Petr"]
[Black "Vasilev, Sergey"]
[Result "1-0"]
[WhiteElo "1697"]
[BlackElo "1546"]
[PlyCount "109"]
[EventDate "2014.05.03"]

1. e4 Nc6 2. Nf3 e6 3. d4 d5 4. Nc3 Bb4 5. e5 f6 6. exf6 Nxf6 7. Bg5 O-O 8. Bd3
Qd6 9. O-O Bxc3 10. bxc3 e5 11. dxe5 Nxe5 12. Nxe5 Qxe5 13. Bxf6 Qxf6 14. c4
Qg5 15. cxd5 Bh3 16. Be4 Rae8 17. Qd3 Bf5 18. Bxf5 Rxf5 19. c4 Qf6 20. Rad1
Rfe5 21. h3 Re2 22. Rd2 Qe5 23. Rxe2 Qxe2 24. Qb3 b6 25. Qa4 a5 26. Qc6 Qe7 27.
Rc1 Rd8 28. c5 bxc5 29. Qxc5 Qxc5 30. Rxc5 a4 31. Kf1 Kf8 32. Ke2 Rd7 33. Kd3
c6 34. Kc4 cxd5+ 35. Rxd5 Re7 36. Rf5+ Ke8 37. Kb4 Re4+ 38. Ka3 Rd4 39. g3 Ke7
40. Ra5 Rd3+ 41. Kxa4 Rd2 42. a3 Rxf2 43. Re5+ Kf6 44. Re3 Rb2 45. Rb3 Rh2 46.
g4 h5 47. gxh5 Kg5 48. Rg3+ Kf6 49. Ka5 Re2 50. Ka6 Kf7 51. Rg5 Re3 52. a4 Rxh3
53. Kb6 Rb3+ 54. Rb5 Re3 55. a5 1-0

[Event "First Saturday FM-B May 2014"]
[Site "Budapest"]
[Date "2014.05.10"]
[Round "7.2"]
[White "Brassoi-Tarnovszki, Aurel"]
[Black "Szlenka, Attila"]
[Result "1/2-1/2"]
[WhiteElo "1644"]
[BlackElo "1799"]
[PlyCount "48"]
[EventDate "2014.05.03"]

1. e4 Nf6 2. e5 Nd5 3. c4 Nb6 4. d4 d6 5. exd6 cxd6 6. Nf3 Nc6 7. d5 Ne5 8.
Nxe5 dxe5 9. Nc3 e6 10. dxe6 Qxd1+ 11. Nxd1 Bxe6 12. b3 Bb4+ 13. Bd2 Bxd2+ 14.
Kxd2 O-O-O+ 15. Kc3 Rd4 16. Ne3 Rhd8 17. Be2 Rd2 18. Rhe1 f5 19. Nf1 R2d7 20.
Rad1 Rxd1 21. Rxd1 Rxd1 22. Bxd1 Kc7 23. Nd2 h6 24. Bc2 Nc8 1/2-1/2

[Event "First Saturday FM-B May 2014"]
[Site "Budapest"]
[Date "2014.05.10"]
[Round "7.3"]
[White "Koltai, Daniel"]
[Black "Bacsi, Andras"]
[Result "0-1"]
[WhiteElo "1626"]
[BlackElo "1794"]
[PlyCount "54"]
[EventDate "2014.05.03"]

1. e4 c5 2. Nf3 d6 3. d4 cxd4 4. Nxd4 Nf6 5. Nc3 g6 6. Be3 Bg7 7. f3 O-O 8. Qd2
Nc6 9. O-O-O Nxd4 10. Bxd4 Be6 11. g4 Qa5 12. Kb1 Rfc8 13. Nd5 Qxd2 14. Nxf6+
Bxf6 15. Rxd2 Bxd4 16. Rxd4 f6 17. Bg2 Rc5 18. Rhd1 Rac8 19. R4d2 g5 20. Bf1
Kf7 21. Bd3 h6 22. Rh1 Rh8 23. h4 Rcc8 24. Rf2 h5 25. hxg5 hxg4 26. Rxh8 Rxh8
27. f4 g3 0-1

[Event "First Saturday FM-B May 2014"]
[Site "Budapest"]
[Date "2014.05.11"]
[Round "8.1"]
[White "Vasilev, Sergey"]
[Black "Koltai, Daniel"]
[Result "0-1"]
[WhiteElo "1546"]
[BlackElo "1626"]
[PlyCount "78"]
[EventDate "2014.05.03"]

1. b3 Nf6 2. Bb2 e6 3. e3 Be7 4. Nc3 d5 5. Nf3 O-O 6. h4 c5 7. Ne5 Nbd7 8. Ne2
Nxe5 9. Bxe5 Ne4 10. d3 Bf6 11. Bxf6 Nxf6 12. Qd2 b5 13. Nf4 Ba6 14. Be2 Qd6
15. O-O Rfd8 16. Bf3 Rac8 17. Ne2 c4 18. Rfc1 cxd3 19. cxd3 h6 20. b4 Rd7 21.
Rxc8+ Bxc8 22. Rc1 Rc7 23. Rxc7 Qxc7 24. Qc3 Qxc3 25. Nxc3 Bd7 26. d4 Kf8 27.
Kf1 Ke7 28. Be2 a6 29. f3 Kd6 30. f4 Ne8 31. g4 Nc7 32. a3 f6 33. Ke1 Na8 34.
e4 Nb6 35. e5+ Ke7 36. h5 Bc6 37. a4 Nxa4 38. Nxa4 bxa4 39. Bxa6 a3 0-1

[Event "First Saturday FM-B May 2014"]
[Site "Budapest"]
[Date "2014.05.11"]
[Round "8.2"]
[White "Bacsi, Andras"]
[Black "Brassoi-Tarnovszki, Aurel"]
[Result "1-0"]
[WhiteElo "1794"]
[BlackElo "1644"]
[PlyCount "49"]
[EventDate "2014.05.03"]

1. e4 e6 2. Nc3 d5 3. g3 c6 4. Bg2 dxe4 5. Nxe4 Nf6 6. Nxf6+ Qxf6 7. Nf3 Nd7 8.
d4 Qd8 9. O-O Nf6 10. c4 Be7 11. Bf4 Bd6 12. Ne5 Bxe5 13. dxe5 Qxd1 14. Raxd1
Nd7 15. Rd6 O-O 16. Rfd1 Nb6 17. b3 h6 18. h4 Re8 19. a4 a5 20. Be3 Ra6 21. Rd8
Rxd8 22. Rxd8+ Kh7 23. Be4+ g6 24. Bxb6 Rxb6 25. Bc2 1-0

[Event "First Saturday FM-B May 2014"]
[Site "Budapest"]
[Date "2014.05.11"]
[Round "8.3"]
[White "Szlenka, Attila"]
[Black "Martynov, Petr"]
[Result "1/2-1/2"]
[WhiteElo "1799"]
[BlackElo "1697"]
[PlyCount "108"]
[EventDate "2014.05.03"]

1. c4 e5 2. Nc3 Nc6 3. g3 Nf6 4. Bg2 Bc5 5. d3 O-O 6. Nf3 d6 7. O-O h6 8. a3 a6
9. b4 Ba7 10. Bb2 Rb8 11. e3 Bg4 12. h3 Bh5 13. Qa4 Qd7 14. Kh2 Rfd8 15. Rac1
Bg6 16. Rfd1 Qe8 17. Ba1 Ne7 18. Qb3 Nc8 19. d4 e4 20. Nd2 c6 21. d5 Qe7 22.
Ne2 cxd5 23. cxd5 Nb6 24. Bxf6 Qxf6 25. Nf4 Re8 26. a4 Nd7 27. Rc7 Nf8 28. Qc2
Bf5 29. g4 Bh7 30. Bxe4 Bxe4 31. Nxe4 Qe5 32. Ng3 Nh7 33. Qf5 Nf6 34. Kg2 g6
35. Qxe5 dxe5 36. Nfe2 Red8 37. e4 Rdc8 38. Rdc1 Rxc7 39. Rxc7 Bb6 40. Rc4 Ne8
41. Kf3 Nd6 42. Rc2 Kf8 43. Nf1 Ke7 44. Ne3 Bxe3 45. Kxe3 Kd7 46. Kd3 Rf8 47.
Ng3 f6 48. f3 f5 49. Ke2 fxg4 50. hxg4 Rh8 51. Rc1 h5 52. gxh5 gxh5 53. Rh1 h4
54. Rh3 Rg8 1/2-1/2

[Event "First Saturday FM-B May 2014"]
[Site "Budapest"]
[Date "2014.05.12"]
[Round "9.1"]
[White "Szlenka, Attila"]
[Black "Vasilev, Sergey"]
[Result "1-0"]
[WhiteElo "1799"]
[BlackElo "1546"]
[PlyCount "55"]
[EventDate "2014.05.03"]

1. c4 Nc6 2. Nc3 g6 3. g3 Bg7 4. Bg2 Nf6 5. e3 d6 6. d4 O-O 7. Nge2 e5 8. O-O
Bg4 9. h3 Bf5 10. g4 Bd7 11. f4 exd4 12. exd4 Re8 13. Bd2 Nxg4 14. hxg4 Bxg4
15. Bf3 Qh4 16. Be1 Qh5 17. Qd3 Qh3 18. a3 Re7 19. Nd5 Rxe2 20. Bxe2 Qh5 21.
Bxg4 Qxg4+ 22. Qg3 Qe2 23. Bc3 Qxc4 24. Qg2 Re8 25. Rae1 Rxe1 26. Rxe1 Bxd4+
27. Kh1 Bxc3 28. bxc3 1-0

[Event "First Saturday FM-B May 2014"]
[Site "Budapest"]
[Date "2014.05.12"]
[Round "9.2"]
[White "Martynov, Petr"]
[Black "Bacsi, Andras"]
[Result "0-1"]
[WhiteElo "1697"]
[BlackElo "1794"]
[PlyCount "78"]
[EventDate "2014.05.03"]

1. e4 c5 2. Nf3 d6 3. d4 cxd4 4. Nxd4 Nf6 5. Nc3 a6 6. Be3 e5 7. Nf3 Be7 8. Bd3
O-O 9. O-O b5 10. a3 Bb7 11. h3 Nbd7 12. Re1 Rc8 13. Qd2 Nb6 14. Bxb6 Qxb6 15.
Rad1 Nd7 16. Nd5 Bxd5 17. exd5 f5 18. c3 Rce8 19. Bc2 g6 20. Ng5 Bxg5 21. Qxg5
e4 22. h4 Qd8 23. Qxd8 Rxd8 24. g4 Ne5 25. Kg2 Nxg4 26. Rd4 Ne5 27. a4 Nf3 28.
Red1 Nxd4 29. Rxd4 Rb8 30. a5 Kf7 31. Kg3 Kf6 32. Kf4 h6 33. Kg3 g5 34. h5 Rfe8
35. b3 f4+ 36. Kg2 e3 37. fxe3 Rxe3 38. Kf2 Rxc3 39. Rd2 g4 0-1

[Event "First Saturday FM-B May 2014"]
[Site "Budapest"]
[Date "2014.05.12"]
[Round "9.3"]
[White "Brassoi-Tarnovszki, Aurel"]
[Black "Koltai, Daniel"]
[Result "1-0"]
[WhiteElo "1644"]
[BlackElo "1626"]
[PlyCount "53"]
[EventDate "2014.05.03"]

1. e4 c5 2. Nf3 d6 3. d4 cxd4 4. Nxd4 Nf6 5. Nc3 g6 6. Bc4 Bg7 7. O-O O-O 8.
Bb3 Nc6 9. Nxc6 bxc6 10. Re1 Qc7 11. f3 Ba6 12. Be3 Rfd8 13. Qd2 Rab8 14. Qf2
Rd7 15. Ne2 Rbd8 16. c3 e5 17. Rad1 d5 18. exd5 cxd5 19. Ng3 d4 20. cxd4 exd4
21. Bxd4 Ng4 22. fxg4 Bxd4 23. Rxd4 Rxd4 24. h3 Rd2 25. Re8+ Kg7 26. Qe3 R8d3
27. Nh5+ 1-0